00347nam a2200085Ia 4500008004100000245010400041260000900145300008500154650002200239180130s9999 xx 000 0 und d cEirich, Gregory M.aParental religiosity and children's educational attainment in the United States c2013 aBook title: Religion, work and inequality--Acession number C17314; pages 153-182 aSOCIOLOGY OF WORK